|
|
|
|
| LEADER |
01127nam a2200277 a 4500 |
| 001 |
4109 |
| 003 |
BD-DhAAL |
| 005 |
20151217094514.0 |
| 008 |
151217s1995 bg a 000 0 beno |
| 010 |
|
|
|a 95902402
|
| 020 |
|
|
|z 9848161042
|
| 040 |
|
|
|a DLC
|c DLC
|d BD-DhAAL
|
| 050 |
0 |
0 |
|a HC440.8
|b .P347 1995
|
| 082 |
|
|
|a 338.95492/009/048
|
| 100 |
1 |
|
|a পাল, বিরূপাক্ষ.
|9 16710
|
| 245 |
1 |
0 |
|a মুক্তবাজার অর্থনীতি ও বাংলাদেশ /
|c বিরূপাক্ষ পাল.
|
| 260 |
|
|
|a ঢাকা :
|b র্যামন পাবলিশার্স,
|c ১৯৯৭.
|
| 300 |
|
|
|a ২৫৬ পৃ. :
|b চিত্র ;
|c ২২ সে.মি.
|
| 500 |
|
|
|a In Bengali.
|
| 520 |
|
|
|a Free market economy and Bangladesh.
|
| 541 |
|
|
|e 4109
|
| 650 |
|
0 |
|a Free enterprise
|z Bangladesh.
|9 16834
|
| 650 |
|
0 |
|a Free enterprise.
|9 16835
|
| 942 |
|
|
|2 ddc
|c BK
|
| 999 |
|
|
|c 36413
|d 36413
|
| 952 |
|
|
|0 0
|1 0
|2 ddc
|4 0
|6 338_954920000000000_009_048_PAL
|7 0
|9 57285
|a SCL
|b SCL
|c GEN
|d 2015-12-17
|g 125.00
|l 1
|m 1
|o 338.95492009048 PAL
|p 3020004109
|r 2019-12-09
|s 2019-11-30
|t 1
|w 2015-12-17
|y BK
|